Código orgánico de tribunales

Na minha lista:
Detalhes bibliográficos
Formato: Livro
Idioma:espanhol
Publicado em: Santiago LexisNexis 2006
Edição:6a. ed
Assuntos:
Tags: Adicionar Tag
Sem tags, seja o primeiro a adicionar uma tag!

MARC

LEADER 00000nam a2200000 a 4500
001 UCK9759
003 CL-VaPUC
008 060531e20060000CL |||||||||||||||||spa|d
020 |a 9562384705 
082 0 4 |a 347.8301  |b COD  |2 21 
245 1 0 |a Código orgánico de tribunales 
250 |a 6a. ed 
300 |a 449 p 
942 |c BK 
945 |d 20060531 00:00:00  |a jtorresc 
260 |a Santiago  |b LexisNexis  |c 2006 
500 |a Incluye: Citas de jurisprudencia. Anotaciones y concordancias 
500 |a Indice temático 
500 |a Actualizada al 03 de abril de 2006 
650 0 |a Código orgánico de tribunales  |9 256731 
650 0 |a Poder judicial  |9 254871 
650 0 |a Juzgados de garantía   |9 492236 
650 0 |a Jurisprudencia  |9 255952 
650 7 |a CORTE DE APELACIONES  |2 CL-VaPUC  |9 385526 
650 0 |a Corte suprema   |9 370023 
651 7 |a CHILE  |2 CL-VaPUC  |9 499666 
583 |a last modification  |c 20060531 00:00:00  |k Rodrigo Vera 
999 |c 316822  |d 316820 
952 |0 0  |1 0  |2 ddc  |4 0  |6 347_830100000000000_COD_2006  |7 0  |8 FOND_LRYV  |9 392291  |a BIBDER  |b BIBDER  |d 2019-11-22  |i 4237048  |o 347.8301 COD 2006  |p 4237048  |r 2023-01-25  |w 2019-11-22  |y BK_X  |k DER 
952 |0 0  |1 0  |2 ddc  |4 0  |6 347_830100000000000_COD_2006  |7 0  |8 FOND_LRYV  |9 392294  |a BIBDER  |b BIBDER  |d 2019-11-22  |i 4286553  |o 347.8301 COD 2006  |p 4286553  |r 2023-01-25  |w 2019-11-22  |y BK_X  |k DER